000
00306nam a2200109Ia 4500
008
171211s9999 xx 000 0 und d
245
_a
Mopan Maya-Spanish-English Dictionary
245
_c
Charles A Hofling
260
_c
2012
650
_x
CULTURE
856
_u
http://down.ebook777.com/063/9781607810292.pdf
999
_c
347792
_d
347792